Normal view
MARC view
- Smith, Dan,
Entry Personal Name
001 - CONTROL NUMBER
- control field: 39230
003 - CONTROL NUMBER IDENTIFIER
- control field: OSt
005 - DATE AND TIME OF LATEST TRANSACTION
- control field: 20160202135319.0
008 - FIXED-LENGTH DATA ELEMENTS
- fixed length control field: 160202|| aca||aabn | a|a d
040 ## - CATALOGING SOURCE
- Original cataloging agency: OSt
100 1# - HEADING--PERSONAL NAME
- Personal name: Smith, Dan,
- Dates associated with a name: 1951-
400 1# - SEE FROM TRACING--PERSONAL NAME
- Personal name: Smith, D. W.
- Fuller form of name: (Dan W.),
- Dates associated with a name: 1951-
400 1# - SEE FROM TRACING--PERSONAL NAME
- Personal name: Smith, Daniel Wybert,
- Dates associated with a name: 1951-